[Event "Netanya Open 2019"]
[Site "Netanya"]
[Date "2019.06.27"]
[Round "5.25"]
[White "Globus, Or"]
[Black "Katkov, Michelle"]
[Result "1-0"]
[WhiteElo "2352"]
[BlackElo "2112"]
[Annotator "NA"]
[PlyCount "41"]
[EventDate "2019.06.23"]
[EventType "swiss"]
[EventCountry "ISR"]
[SourceTitle "playchess.com"]
[Source "ChessBase"]
[SourceQuality "1"]
[TimeControl "40/5400+30:1800+30"]

1. c4 {[%emt 0:00:06]} Nf6 {[%emt 0:00:05]} 2. Nc3 {[%emt 0:00:10]} e6 {[%emt 0:05:13]} 3. e4 {[%emt 0:00:20]} d5 {[%emt 0:01:40]} 4. cxd5 {[%emt 0:00:08]} exd5 {[%emt 0:00:05]} 5. e5 {[%emt 0:00:04]} d4 {[%emt 0:01:17]} 6. exf6 {[%emt 0:00:06]} dxc3 {[%emt 0:00:05]} 7. Bb5+ {[%emt 0:00:21]} Nc6 {[%emt 0:04:22]} 8. Qe2+ {[%emt 0:00:11]} Be6 {[%emt 0:00:27]} 9. dxc3 {[%emt 0:00:03]} gxf6 {[%emt 0:16:17]} 10. Bxc6+ {[%emt 0:15:45]} bxc6 {[%emt 0:00:07]} 11. Nf3 {[%emt 0:01:04]} Bg7 {[%emt 0:12:33]} 12. O-O {[%emt 0:09:01]} O-O {[%emt 0:01:36]} 13. Nd4 {[%emt 0:04:24]} Qd6 {[%emt 0:12:56]} 14. Nxe6 {[%emt 0:05:59]} fxe6 {[%emt 0:01:43]} 15. Rd1 {[%emt 0:00:18]} Qe7 {[%emt 0:01:54]} 16. Qc4 {[%emt 0:03:33]} Rad8 {[%emt 0:09:19]} 17. Be3 {[%emt 0:04:42]} Rd5 {[%emt 0:11:53]} 18. Qxc6 {[%emt 0:02:25]} Rfd8 {[%emt 0:02:15]} 19. Rxd5 {[%emt 0:01:40]} Rxd5 {[%emt 0:00:20]} 20. Bxa7 {[%emt 0:02:13]} Rd2 {[%emt 0:01:08]} 21. Bc5 {[%emt 0:01:18]} 1-0

[Event "Netanya Open 2019"]
[Site "Netanya"]
[Date "2019.06.27"]
[Round "5.26"]
[White "Pravdivetz, Vladimir"]
[Black "Sivan, Yaacov"]
[Result "0-1"]
[WhiteElo "1927"]
[BlackElo "2320"]
[Annotator "NA"]
[PlyCount "52"]
[EventDate "2019.06.23"]
[EventType "swiss"]
[EventCountry "ISR"]
[SourceTitle "playchess.com"]
[Source "ChessBase"]
[SourceQuality "1"]
[TimeControl "40/5400+30:1800+30"]

1. d4 {[%emt 0:00:00]} Nf6 {[%emt 0:00:04]} 2. Nf3 {[%emt 0:00:00]} d5 {[%emt 0:00:13]} 3. c4 {[%emt 0:00:05]} c6 {[%emt 0:00:10]} 4. Nc3 {[%emt 0:00:46]} e6 {[%emt 0:00:09]} 5. e3 {[%emt 0:00:43]} Nbd7 {[%emt 0:00:18]} 6. Bd3 {[%emt 0:00:40]} dxc4 {[%emt 0:00:19]} 7. Bxc4 {[%emt 0:00:11]} b5 {[%emt 0:00:09]} 8. Bd3 {[%emt 0:00:10]} a6 {[%emt 0:00:13]} 9. Ne4 {[%emt 0:03:03]} c5 {[%emt 0:03:15]} 10. dxc5 {[%emt 0:02:28]} Nxc5 {[%emt 0:01:30]} 11. Nxc5 {[%emt 0:00:12]} Bxc5 {[%emt 0:00:15]} 12. O-O {[%emt 0:04:13]} Bb7 {[%emt 0:09:49]} 13. Qe2 {[%emt 0:00:13]} O-O {[%emt 0:03:21]} 14. Rd1 {[%emt 0:00:11]} Qe7 {[%emt 0:02:13]} 15. Bd2 {[%emt 0:02:30]} e5 {[%emt 0:06:00]} 16. e4 {[%emt 0:00:01]} Rfd8 {[%emt 0:10:20]} 17. Be1 {[%emt 0:09:12]} Rd7 {[%emt 0:14:17]} 18. Bc2 {[%emt 0:13:34]} Rad8 {[%emt 0:03:54]} 19. Rxd7 {[%emt 0:00:15]} Rxd7 {[%emt 0:01:46]} 20. g3 {[%emt 0:06:27]} Bb6 {[%emt 0:06:37]} 21. a3 {[%emt 0:20:02]} Qe6 {[%emt 0:02:56]} 22. Kg2 {[%emt 0:06:43]} Rc7 {[%emt 0:14:13]} 23. Bd3 {[%emt 0:04:06]} Nd7 {[%emt 0:00:53]} 24. b4 {[%emt 0:13:13]} Qb3 {[%emt 0:01:18]} 25. a4 {[%emt 0:07:55]} bxa4 {[%emt 0:02:17]} 26. Bxa6 {[%emt 0:00:44]} Ba8 {[%emt 0:03:51]} 0-1

[Event "Netanya Open 2019"]
[Site "Netanya"]
[Date "2019.06.27"]
[Round "5.27"]
[White "Friedland, Moshe"]
[Black "Sokolovsky, Yahli"]
[Result "1-0"]
[WhiteElo "2298"]
[BlackElo "2074"]
[Annotator "NA"]
[PlyCount "91"]
[EventDate "2019.06.23"]
[EventType "swiss"]
[EventCountry "ISR"]
[SourceTitle "playchess.com"]
[Source "ChessBase"]
[SourceQuality "1"]
[TimeControl "40/5400+30:1800+30"]

1. e4 {[%emt 0:00:00]} e5 {[%emt 0:00:00]} 2. Nf3 {[%emt 0:00:00]} Nc6 {[%emt 0:00:00]} 3. Bc4 {[%emt 0:00:00]} Bc5 {[%emt 0:00:07]} 4. c3 {[%emt 0:00:00]} Nf6 {[%emt 0:00:09]} 5. d4 {[%emt 0:07:31]} exd4 {[%emt 0:01:17]} 6. e5 {[%emt 0:00:10]} d5 {[%emt 0:01:25]} 7. Bb5 {[%emt 0:00:05]} Ne4 {[%emt 0:06:45]} 8. cxd4 {[%emt 0:00:45]} Bb4+ {[%emt 0:00:58]} 9. Bd2 {[%emt 0:01:07]} Nxd2 {[%emt 0:03:17]} 10. Nbxd2 {[%emt 0:00:14]} O-O {[%emt 0:01:55]} 11. O-O {[%emt 0:04:55]} Ne7 {[%emt 0:09:37]} 12. a3 {[%emt 0:05:38]} Bxd2 {[%emt 0:00:52]} 13. Qxd2 {[%emt 0:03:01]} f6 {[%emt 0:04:43]} 14. Rae1 {[%emt 0:13:13]} fxe5 {[%emt 0:17:41]} 15. Nxe5 {[%emt 0:01:35]} Bf5 {[%emt 0:04:51]} 16. g4 {[%emt 0:03:51]} c6 {[%emt 0:06:20]} 17. Ba4 {[%emt 0:02:56]} Bg6 {[%emt 0:04:49]} 18. h4 {[%emt 0:05:22]} Be8 {[%emt 0:15:58]} 19. h5 {[%emt 0:06:53]} Qd6 {[%emt 0:00:58]} 20. Qe3 {[%emt 0:07:15]} Nc8 {[%emt 0:00:40]} 21. Bc2 {[%emt 0:03:42]} Nb6 {[%emt 0:01:13]} 22. b3 {[%emt 0:08:12]} Nd7 {[%emt 0:01:00]} 23. f4 {[%emt 0:02:29]} c5 {[%emt 0:03:44]} 24. g5 {[%emt 0:04:34]} Nxe5 {[%emt 0:09:10]} 25. dxe5 {[%emt 0:00:25]} Qb6 {[%emt 0:00:48]} 26. g6 {[%emt 0:04:30]} hxg6 {[%emt 0:00:56]} 27. hxg6 {[%emt 0:00:01]} Bxg6 {[%emt 0:00:33]} 28. f5 {[%emt 0:00:18]} Bh7 {[%emt 0:00:43]} 29. Rf2 {[%emt 0:02:33]} c4 {[%emt 0:00:30]} 30. Qg5 {[%emt 0:03:24]} Bxf5 {[%emt 0:03:12]} 31. Bxf5 {[%emt 0:01:15]} cxb3 {[%emt 0:00:45]} 32. Qg6 {[%emt 0:05:31]} Qxg6+ {[%emt 0:00:31]} 33. Bxg6 {[%emt 0:00:02]} Rxf2 {[%emt 0:00:21]} 34. Kxf2 {[%emt 0:00:02]} Kf8 {[%emt 0:00:31]} 35. Rb1 {[%emt 0:02:09]} Ke7 {[%emt 0:00:32]} 36. Rxb3 {[%emt 0:00:33]} Ke6 {[%emt 0:00:27]} 37. Rxb7 {[%emt 0:00:33]} Kxe5 {[%emt 0:00:06]} 38. Ke3 {[%emt 0:00:48]} a5 {[%emt 0:00:40]} 39. Rb5 {[%emt 0:00:53]} Ra7 {[%emt 0:00:50]} 40. Be4 {[%emt 0:00:33]} a4 {[%emt 0:00:11]} 41. Rxd5+ {[%emt 0:30:45]} Ke6 {[%emt 0:30:39]} 42. Rc5 {[%emt 0:00:58]} Kf6 {[%emt 0:00:00]} 43. Kf4 {[%emt 0:00:00]} Rd7 {[%emt 0:00:00]} 44. Rc6+ {[%emt 0:00:00]} Kf7 {[%emt 0:00:00]} 45. Ra6 {[%emt 0:00:00]} Rd4 {[%emt 0:00:00]} 46. Ke5 {[%emt 0:00:00]} 1-0

[Event "Netanya Open 2019"]
[Site "Netanya"]
[Date "2019.06.27"]
[Round "5.28"]
[White "Volkov, Yuri"]
[Black "Poleg, Dan"]
[Result "0-1"]
[WhiteElo "1886"]
[BlackElo "2271"]
[Annotator "NA"]
[PlyCount "86"]
[EventDate "2019.06.23"]
[EventType "swiss"]
[EventCountry "ISR"]
[SourceTitle "playchess.com"]
[Source "ChessBase"]
[SourceQuality "1"]
[TimeControl "40/5400+30:1800+30"]

1. d4 {[%emt 0:00:00]} Nf6 {[%emt 0:00:00]} 2. Nf3 {[%emt 0:00:00]} g6 {[%emt 0:00:10]} 3. Bg5 {[%emt 0:00:21]} Bg7 {[%emt 0:00:24]} 4. Nbd2 {[%emt 0:00:37]} d6 {[%emt 0:05:37]} 5. e3 {[%emt 0:06:39]} O-O {[%emt 0:00:26]} 6. h3 {[%emt 0:00:43]} Nbd7 {[%emt 0:00:54]} 7. Be2 {[%emt 0:01:07]} c5 {[%emt 0:00:23]} 8. c3 {[%emt 0:01:11]} b6 {[%emt 0:00:37]} 9. O-O {[%emt 0:00:38]} Bb7 {[%emt 0:00:38]} 10. a4 {[%emt 0:01:01]} Qc7 {[%emt 0:07:05]} 11. a5 {[%emt 0:07:29]} Rad8 {[%emt 0:01:21]} 12. axb6 {[%emt 0:01:58]} axb6 {[%emt 0:00:13]} 13. Qb3 {[%emt 0:03:09]} Ra8 {[%emt 0:06:30]} 14. Bxf6 {[%emt 0:09:46]} Bxf6 {[%emt 0:01:52]} 15. Bc4 {[%emt 0:05:40]} e6 {[%emt 0:07:28]} 16. e4 {[%emt 0:04:39]} Bg7 {[%emt 0:01:06]} 17. Bd3 {[%emt 0:01:28]} Rfb8 {[%emt 0:00:45]} 18. Rfe1 {[%emt 0:03:15]} b5 {[%emt 0:06:11]} 19. Qc2 {[%emt 0:09:10]} Qb6 {[%emt 0:01:40]} 20. e5 {[%emt 0:08:19]} Rxa1 {[%emt 0:02:36]} 21. Rxa1 {[%emt 0:06:00]} cxd4 {[%emt 0:01:11]} 22. cxd4 {[%emt 0:00:48]} dxe5 {[%emt 0:00:12]} 23. dxe5 {[%emt 0:00:21]} Nxe5 {[%emt 0:00:19]} 24. Nxe5 {[%emt 0:00:31]} Bxe5 {[%emt 0:00:07]} 25. Nf3 {[%emt 0:04:31]} Bxf3 {[%emt 0:03:17]} 26. gxf3 {[%emt 0:04:56]} Qd4 {[%emt 0:00:06]} 27. Bf1 {[%emt 0:06:07]} b4 {[%emt 0:01:00]} 28. Qe4 {[%emt 0:02:01]} Qxb2 {[%emt 0:00:44]} 29. Ra8 {[%emt 0:00:57]} Rxa8 {[%emt 0:00:11]} 30. Qxa8+ {[%emt 0:00:01]} Kg7 {[%emt 0:00:07]} 31. Qe4 {[%emt 0:03:34]} Bd4 {[%emt 0:00:06]} 32. Qe2 {[%emt 0:00:29]} Qxe2 {[%emt 0:00:08]} 33. Bxe2 {[%emt 0:00:01]} b3 {[%emt 0:00:07]} 34. Bc4 {[%emt 0:01:19]} b2 {[%emt 0:00:06]} 35. Bd3 {[%emt 0:00:08]} g5 {[%emt 0:00:05]} 36. Kg2 {[%emt 0:00:59]} f5 {[%emt 0:00:22]} 37. Kg3 {[%emt 0:00:56]} Kf6 {[%emt 0:00:06]} 38. f4 {[%emt 0:01:30]} gxf4+ {[%emt 0:00:12]} 39. Kxf4 {[%emt 0:00:41]} Bxf2 {[%emt 0:00:06]} 40. Kf3 {[%emt 0:00:21]} Bd4 {[%emt 0:00:06]} 41. Ke2 {[%emt 0:31:08]} e5 {[%emt 0:30:13]} 42. Bb1 {[%emt 0:00:20]} e4 {[%emt 0:00:06]} 43. Bc2 {[%emt 0:00:55]} Ke5 {[%emt 0:00:05]} 0-1

[Event "Netanya Open 2019"]
[Site "Netanya"]
[Date "2019.06.27"]
[Round "5.29"]
[White "Kushnir, Arie"]
[Black "Cohen Revivo, Shoham"]
[Result "0-1"]
[WhiteElo "1662"]
[BlackElo "2225"]
[PlyCount "96"]
[EventDate "2019.06.23"]
[EventType "swiss"]
[EventRounds "9"]
[EventCountry "ISR"]
[TimeControl "40/5400+30:1800+30"]

1. e4 c5 2. Nf3 Nc6 3. Bb5 g6 4. O-O Bg7 5. Re1 e5 6. d3 Nge7 7. c3 a6 8. Ba4 b5 9. Bc2 O-O 10. Bg5 d6 11. Qc1 Bg4 12. Bd1 Be6 13. Bh6 f6 14. Na3 Qd7 15. Nc2 d5 16. d4 dxe4 17. Rxe4 Bxh6 18. Qxh6 Nf5 19. Qd2 Rad8 20. Qe1 cxd4 21. cxd4 Bd5 22. Rg4 Bxf3 23. Bxf3 Ncxd4 24. Be4 Nxc2 25. Bxc2 Nd4 26. Bd1 Nc2 27. Rxg6+ hxg6 28. Bxc2 Qg4 29. h3 Qg5 30. Qe4 Rd2 31. Re1 Rfd8 32. f4 exf4 33. Bb3+ Kh8 34. Qc6 Rf8 35. Re7 f3 36. Qxf3 Qc5+ 37. Re3 Rd3 38. Kf2 Qd4 39. Ke2 Rd2+ 40. Kf1 Rxb2 41. Re1 Rd2 42. Re4 Qd3+ 43. Ke1 Qxf3 44. gxf3 Rh2 45. Be6 f5 46. Rh4+ Kg7 47. Bd5 Rd8 48. Bb3 Rd3 0-1

[Event "Netanya Open 2019"]
[Site "Netanya"]
[Date "2019.06.27"]
[Round "5.30"]
[White "Aleksikov, Oleksandr"]
[Black "Tsyn, Igor"]
[Result "1-0"]
[WhiteElo "2234"]
[BlackElo "2002"]
[PlyCount "125"]
[EventDate "2019.06.23"]
[EventType "swiss"]
[EventRounds "9"]
[EventCountry "ISR"]
[TimeControl "40/5400+30:1800+30"]

1. e4 e6 2. d4 d5 3. Nc3 Bb4 4. e5 Ne7 5. a3 Bxc3+ 6. bxc3 c5 7. a4 Qc7 8. Nf3 b6 9. Bb5+ Nd7 10. h4 a6 11. Bd3 f6 12. Bf4 c4 13. Bf1 O-O 14. Qd2 fxe5 15. Nxe5 Nxe5 16. Bxe5 Qd7 17. Be2 Ng6 18. Bg3 Nh8 19. Bg4 Qe7 20. O-O Bd7 21. Rfe1 Nf7 22. Qe3 Rae8 23. Bh5 Rc8 24. Bf3 Qf6 25. Re2 Nh6 26. Qg5 Nf5 27. Be5 Qh6 28. Qxh6 Nxh6 29. Kh2 Rfe8 30. g3 Kf7 31. Bh5+ g6 32. Bf3 Ng8 33. Kg1 Nf6 34. Bd6 Rc6 35. Bf4 Rcc8 36. Bg2 Nh5 37. Be5 Ng7 38. Bf3 Kg8 39. Kg2 Kf7 40. Bg4 Kg8 41. Bd6 Rc6 42. Bf4 Rcc8 43. Ree1 Kf7 44. Be5 Rg8 45. Kf1 Rge8 46. Ke2 Nf5 47. h5 g5 48. Kd2 Nh6 49. Be2 Ke7 50. Reb1 b5 51. axb5 axb5 52. Ra7 Ra8 53. Rba1 Rxa7 54. Rxa7 Nf7 55. Bc7 Kf6 56. Bg4 Rc8 57. Bh3 Bc6 58. Bb6 Be8 59. Bc5 Rc6 60. Be7+ Kg7 61. Bxg5 h6 62. Be7 Kg8 63. Ra8 1-0

[Event "Netanya Open 2019"]
[Site "Netanya"]
[Date "2019.06.27"]
[Round "5.31"]
[White "Nissim, Jonathan"]
[Black "Rozen, Eytan"]
[Result "0-1"]
[WhiteElo "2082"]
[BlackElo "2317"]
[PlyCount "88"]
[EventDate "2019.06.23"]
[EventType "swiss"]
[EventRounds "9"]
[EventCountry "ISR"]
[TimeControl "40/5400+30:1800+30"]

1. d4 Nf6 2. c4 e6 3. Nc3 Bb4 4. Qc2 d5 5. cxd5 exd5 6. Bg5 c5 7. dxc5 h6 8. Bh4 g5 9. Bg3 Ne4 10. e3 Qa5 11. Nge2 Bf5 12. Be5 O-O 13. Nd4 Re8 14. Nxf5 Rxe5 15. Nxh6+ Kg7 16. Ng4 Re7 17. Rc1 d4 18. a3 Bxc5 19. b4 Qxa3 20. bxc5 Qxc3+ 21. Qxc3 Nxc3 22. Bd3 Nd7 23. O-O Nxc5 24. Bc4 N5a4 25. exd4 Rc8 26. Bd3 Nb2 27. Bb5 Rec7 28. Rc2 Nxb5 29. Rxb2 Nxd4 30. f4 gxf4 31. Rxf4 Rc1+ 32. Kf2 Ne6 33. Re4 Nc5 34. Re3 a5 35. h4 f5 36. Ne5 f4 37. Rf3 Ne4+ 38. Ke2 Nc3+ 39. Kd2 Ne4+ 40. Kd3 Nc5+ 41. Kd2 Rg1 42. Rb5 Rxg2+ 43. Kd1 Rd8+ 44. Kc1 Rd5 0-1

[Event "Netanya Open 2019"]
[Site "Netanya"]
[Date "2019.06.27"]
[Round "5.32"]
[White "Gorodetzky, Matan"]
[Black "Levin, Guy"]
[Result "1/2-1/2"]
[WhiteElo "2316"]
[BlackElo "2052"]
[Annotator "RC"]
[PlyCount "106"]
[EventDate "2019.06.23"]
[EventType "swiss"]
[EventRounds "9"]
[EventCountry "ISR"]
[TimeControl "40/5400+30:1800+30"]

1. e4 c5 2. Nf3 d6 3. Bb5+ Bd7 4. Bxd7+ Nxd7 5. Qe2 Ngf6 6. O-O g6 7. c3 Bg7 8. d4 cxd4 9. cxd4 e6 10. Nc3 O-O 11. b3 Rc8 12. Bb2 a6 13. h3 Qa5 14. Qd3 b5 15. a3 Qc7 16. Rfc1 Qb7 17. Nd2 Bh6 18. Re1 Bxd2 19. Qxd2 d5 20. f3 Rc7 21. e5 Nh5 22. Na2 Rfc8 23. Bc3 Ng3 24. Qg5 Nf5 25. Qd2 Qa7 26. Rac1 Ne7 27. Kh1 Nc6 28. Red1 a5 29. Qd3 b4 30. Bb2 Qb6 31. a4 Ne7 32. g4 Rxc1 33. Bxc1 Qc6 34. Bg5 Kf8 35. Qe3 Qb6 36. Bh4 Ng8 37. Qd3 Qc6 38. Rc1 Qb7 39. Rf1 Qc6 40. Rf2 Nb8 41. f4 Qa6 42. Qe3 Nc6 43. f5 exf5 44. gxf5 Nce7 45. Bxe7+ Nxe7 46. Qh6+ Ke8 47. e6 fxe6 48. f6 Nf5 49. Qxh7 Qd3 50. f7+ Kf8 51. Qh8+ Kxf7 52. Qxc8 Qxh3+ 53. Kg1 Qg4+ 1/2-1/2

[Event "Netanya Open 2019"]
[Site "Netanya"]
[Date "2019.06.27"]
[Round "5.33"]
[White "Ben Ari, Yannay"]
[Black "Aharon, Ofir"]
[Result "0-1"]
[WhiteElo "2049"]
[BlackElo "2302"]
[Annotator "TA"]
[PlyCount "64"]
[EventDate "2019.06.23"]
[EventType "swiss"]
[EventRounds "9"]
[EventCountry "ISR"]

{[%evp 29,64,59,76,59,51,44,78,39,73,23,92,-37,-50,-29,-28,-33,-37,-331,-329,-314,-322,-320,-305,-387,-365,-357,-357,-361,-356,-417,-404,-597,-582,-562,-555,-702,-531]} 1. e4 c5 2. Nf3 Nc6 3. d4 cxd4 4. Nxd4 g6 5. Nc3 Bg7 6. Be3 Nf6 7. Bc4 O-O 8. Bb3 d6 9. f3 Bd7 10. Qd2 Rc8 11. O-O-O Ne5 12. Kb1 Nc4 13. Bxc4 Rxc4 14. g4 b5 15. h4 b4 16. Nd5 {B78: Sicilian Dragon: Yugoslav Attack, 9 Bc4 Bd7 10 0-0-0 Rc8} (16. Nce2 Qc7 17. h5 Rc8 18. hxg6 fxg6 19. Nf4 e5 20. Nde6 exf4 21. Nxc7 fxe3 22. Qxe3 R4xc7 23. Rxd6 Ba4 24. Rd2 Bxc2+ 25. Rxc2 Rxc2 {0-1 (36) Boros,D (2494)-Stocek,J (2592) Austria 2010}) 16... e6 17. Nxf6+ Qxf6 18. b3 $146 {White is better.} ({Predecessor:} 18. g5 Qe5 19. Qd3 Rfc8 20. f4 Qa5 21. e5 dxe5 22. Nb3 Qd5 23. Qxd5 exd5 24. fxe5 {0-1 (31) Dodaj,G (1942)-Czuhai,K (2204) Lansing 2002}) 18... Rc7 19. Bf4 Rfc8 (19... Qe7 $1 $11) 20. e5 (20. Bxd6 $16 e5 21. Bxc7 exd4 22. g5 Qxf3 23. Bd6) 20... Qd8 $1 $36 {[%mdl 2048] White is under pressure.} 21. Bg5 Qf8 22. exd6 $1 Qxd6 {aiming for ...Qa6.} 23. Nf5 $2 {[%mdl 8192]} (23. h5 $15) 23... Qxd2 $19 {[%csl Gc7,Gc8][%cal Rd2c2]} 24. Ne7+ {[#]} Kf8 $1 {[%csl Gc7,Gc8][%cal Rd2c2]} 25. Rxd2 Re8 26. h5 Rxe7 27. hxg6 hxg6 28. Bxe7+ Kxe7 29. f4 Bc6 30. Rh7 (30. Rh3 $142) 30... Bc3 {Black is clearly winning.} 31. Rd1 Bf3 32. Rg1 Rd7 {Accuracy: White = 27%, Black = 72%.} 0-1

[Event "Netanya Open 2019"]
[Site "Netanya"]
[Date "2019.06.27"]
[Round "5.34"]
[White "Tzidkiya, Yeshaayahu"]
[Black "Cohen Revivo, Alon"]
[Result "1-0"]
[WhiteElo "2247"]
[BlackElo "2030"]
[PlyCount "77"]
[EventDate "2019.06.23"]
[EventType "swiss"]
[EventRounds "9"]
[EventCountry "ISR"]
[TimeControl "40/5400+30:1800+30"]

{[%evp 0,7,24,42,10,22,60,102,83,92]} 1. e4 e5 2. Nf3 d5 3. exd5 e4 4. Qe2 Nf6 5. d3 Qxd5 6. Nbd2 Nc6 7. Nxe4 Be6 8. Nc3 Qd7 9. Be3 O-O-O 10. Qd2 Bb4 11. Be2 h6 12. a3 Ba5 13. b4 Bb6 14. O-O Rhe8 15. Bxb6 axb6 16. a4 Bg4 17. a5 Bxf3 18. Bxf3 Nd4 19. Qd1 b5 20. a6 bxa6 21. Rxa6 Qf5 22. Bc6 Nxc6 23. Rxc6 Nd5 24. Nxb5 Re7 25. Rc5 Qf4 26. Na7+ Kb7 27. Nc6 Rd6 28. Nxe7 Nxe7 29. Rc4 Qf5 30. Qg4 Qb5 31. Rc5 Qd7 32. Qe4+ Kb8 33. Ra1 c6 34. Rca5 Nc8 35. Ra8+ Kb7 36. Qe3 c5 37. Qxc5 Rb6 38. Qxc8+ Qxc8 39. R1a7+ 1-0

[Event "Netanya Open 2019"]
[Site "Netanya"]
[Date "2019.06.27"]
[Round "5.35"]
[White "Tartakovsky, Daniel"]
[Black "Prraneeth Vuppala"]
[Result "0-1"]
[WhiteElo "2021"]
[BlackElo "2297"]
[PlyCount "126"]
[EventDate "2019.06.23"]
[EventType "swiss"]
[EventRounds "9"]
[EventCountry "ISR"]
[TimeControl "40/5400+30:1800+30"]

1. d4 Nf6 2. c4 e6 3. g3 d5 4. Nf3 dxc4 5. Bg2 a6 6. O-O Nc6 7. Nc3 Rb8 8. e4 Be7 9. Qe2 b5 10. Rd1 O-O 11. d5 exd5 12. e5 d4 13. exf6 Bxf6 14. Qe4 Bb7 15. Nd5 Nb4 16. Nxf6+ Qxf6 17. Qf4 c5 18. Qxf6 gxf6 19. Bf4 Rbd8 20. Bc7 Rc8 21. Bd6 Rfd8 22. Be7 Re8 23. Bxf6 Re6 24. Bg5 Be4 25. Bd2 Nd3 26. Ng5 Bxg2 27. Nxe6 Bf3 28. Nf4 Bxd1 29. Nxd3 cxd3 30. Rxd1 c4 31. Rc1 Kg7 32. Kg2 Kf6 33. f4 Ke6 34. Kf3 Kd5 35. a3 f6 36. g4 Ra8 37. Ba5 Re8 38. Re1 Rc8 39. Rc1 Rg8 40. h4 Re8 41. Re1 c3 42. bxc3 Rxe1 43. c4+ bxc4 44. Bxe1 c3 45. f5 d2 46. Bxd2 cxd2 47. Ke2 Ke4 48. Kxd2 Kf4 49. g5 Kxf5 50. gxf6 Kxf6 51. a4 Kf5 52. Kd3 Kg4 53. Kxd4 Kxh4 54. Kc5 h5 55. Kb6 Kg4 56. Kxa6 h4 57. Kb7 h3 58. a5 h2 59. a6 h1=Q+ 60. Kb8 Qb1+ 61. Ka8 Qe4+ 62. Kb8 Qb4+ 63. Ka8 Qc5 0-1

[Event "Netanya Open 2019"]
[Site "Netanya"]
[Date "2019.06.27"]
[Round "5.36"]
[White "Tifferet, Shaked"]
[Black "Gov, Guy"]
[Result "1/2-1/2"]
[WhiteElo "2236"]
[BlackElo "2006"]
[PlyCount "108"]
[EventDate "2019.06.23"]
[EventType "swiss"]
[EventRounds "9"]
[EventCountry "ISR"]
[TimeControl "40/5400+30:1800+30"]

1. e4 e6 2. d4 d5 3. Nd2 dxe4 4. Nxe4 Nf6 5. Nxf6+ gxf6 6. g3 Qd5 7. Nf3 Nc6 8. Bg2 Qe4+ 9. Qe2 Qxe2+ 10. Kxe2 e5 11. c3 Be6 12. Be3 Bc4+ 13. Kd1 O-O-O 14. Kc2 Bd5 15. Rhd1 Be4+ 16. Kc1 exd4 17. cxd4 Nb4 18. Ne1 Bxg2 19. Nxg2 Nd5 20. Nf4 Bg7 21. Nh5 Nxe3 22. fxe3 Bh6 23. Nf4 Bxf4 24. gxf4 Rhg8 25. Kc2 Rg2+ 26. Rd2 Rdg8 27. Rad1 f5 28. Kd3 Kd7 29. e4 fxe4+ 30. Kxe4 Re8+ 31. Kf3 Rg6 32. f5 Rg5 33. Kf4 f6 34. Rd3 Kd6 35. Rb3 Re2 36. Rf1 Rxh2 37. Rxb7 Rh4+ 38. Ke3 Rgg4 39. Rc1 Rh3+ 40. Kf2 c6 41. Re1 Rxd4 42. Re6+ Kd5 43. Rd7+ Kc5 44. Rxd4 Kxd4 45. Rxf6 Rh2+ 46. Kg3 Rxb2 47. Rxc6 Kd5 48. f6 Rb8 49. Ra6 Rf8 50. Rxa7 Rxf6 51. Rxh7 Ra6 52. Rh5+ Kd4 53. a4 Kc4 54. Kf3 Rxa4 1/2-1/2

[Event "Netanya Open 2019"]
[Site "Netanya"]
[Date "2019.06.27"]
[Round "5.37"]
[White "Kharlamov, Igor"]
[Black "Aroesti, Roee"]
[Result "0-1"]
[WhiteElo "2019"]
[BlackElo "2230"]
[PlyCount "72"]
[EventDate "2019.06.23"]
[EventType "swiss"]
[EventRounds "9"]
[EventCountry "ISR"]
[TimeControl "40/5400+30:1800+30"]

1. d4 d5 2. c4 e6 3. Nc3 c6 4. e3 Nf6 5. Nf3 Nbd7 6. Bd3 Bd6 7. O-O O-O 8. e4 dxc4 9. Bxc4 e5 10. Bb3 exd4 11. Qxd4 Qe7 12. Bg5 Ne5 13. Nxe5 Bxe5 14. Bxf6 Qxf6 15. Qe3 Bg4 16. Bd1 Be6 17. Be2 Rfd8 18. Rfd1 Rd4 19. Rxd4 Bxd4 20. Qf3 Kf8 21. Qxf6 Bxf6 22. Rd1 Bxc3 23. bxc3 Bxa2 24. f4 a5 25. Kf2 a4 26. Ke3 Bb3 27. Ra1 Ke7 28. e5 h6 29. Bd3 Ra5 30. c4 b5 31. Kd4 b4 32. c5 Bd5 33. Bc4 Bxc4 34. Kxc4 b3 35. Kb4 b2 36. Rb1 a3 0-1

[Event "Netanya Open 2019"]
[Site "Netanya"]
[Date "2019.06.27"]
[Round "5.38"]
[White "Uritsky, Yonathan"]
[Black "Bilych, Olexiy"]
[Result "0-1"]
[WhiteElo "1981"]
[BlackElo "2187"]
[PlyCount "60"]
[EventDate "2019.06.23"]
[EventType "swiss"]
[EventRounds "9"]
[EventCountry "ISR"]
[TimeControl "40/5400+30:1800+30"]

1. e4 c5 2. Nf3 e6 3. d4 cxd4 4. Nxd4 Nc6 5. Nc3 Qc7 6. g3 a6 7. Bg2 d6 8. O-O Bd7 9. Re1 Nf6 10. a4 Be7 11. Nb3 O-O 12. a5 Ne5 13. f4 Nc4 14. Qd3 Rfd8 15. h3 Be8 16. Qe2 Rac8 17. g4 Nd7 18. g5 Bf8 19. h4 g6 20. f5 Nde5 21. Bh3 Bd7 22. Rf1 Re8 23. Qf2 Rcd8 24. Ne2 exf5 25. exf5 Bc6 26. Nbd4 Be4 27. Ng3 d5 28. b3 Bc5 29. Bg2 Nf3+ 30. Bxf3 Bxd4 0-1

[Event "Netanya Open 2019"]
[Site "Netanya"]
[Date "2019.06.27"]
[Round "5.39"]
[White "Lukin, Elisha"]
[Black "Feldman, Antony"]
[Result "1-0"]
[WhiteElo "2207"]
[BlackElo "1972"]
[PlyCount "63"]
[EventDate "2019.06.23"]
[EventType "swiss"]
[EventRounds "9"]
[EventCountry "ISR"]
[TimeControl "40/5400+30:1800+30"]

1. d4 d5 2. c4 dxc4 3. e4 e5 4. Nf3 exd4 5. Bxc4 Nc6 6. O-O Be6 7. Bxe6 fxe6 8. Qb3 Qd7 9. Qxb7 Rb8 10. Qa6 Bd6 11. a3 Nf6 12. Nbd2 O-O 13. Qd3 Ng4 14. h3 Nge5 15. Nxe5 Nxe5 16. Qxd4 Nd3 17. e5 Nxe5 18. Qc3 Nd3 19. Nc4 Bf4 20. Be3 e5 21. Rad1 e4 22. Bxa7 Rb5 23. Ne3 Rg5 24. Qc4+ Kh8 25. Ng4 Rxg4 26. hxg4 Qxg4 27. Rxd3 exd3 28. Qxd3 h6 29. Re1 Qh5 30. g3 Bd6 31. Bd4 Qg4 32. Kg2 1-0

[Event "Netanya Open 2019"]
[Site "Netanya"]
[Date "2019.06.27"]
[Round "5.40"]
[White "Streltsov, Alexey"]
[Black "Kinberg, Ofer"]
[Result "1/2-1/2"]
[WhiteElo "2170"]
[BlackElo "1962"]
[PlyCount "126"]
[EventDate "2019.06.23"]
[EventType "swiss"]
[EventRounds "9"]
[EventCountry "ISR"]
[TimeControl "40/5400+30:1800+30"]

1. e4 e5 2. Nf3 Nc6 3. Bc4 Nf6 4. Ng5 d5 5. exd5 b5 6. dxc6 bxc4 7. Nc3 Bc5 8. Qe2 O-O 9. O-O Qd6 10. Qxc4 Qxc6 11. d3 Bb7 12. Nce4 Bxf2+ 13. Rxf2 Qxc4 14. Nxf6+ gxf6 15. dxc4 fxg5 16. Rf6 Be4 17. Bxg5 Rab8 18. b3 Bxc2 19. Re1 Rfe8 20. Rc6 Rb7 21. Bf6 e4 22. Rc5 Rb6 23. Bd4 Ra6 24. Re3 Rd8 25. Rg3+ Rg6 26. Rxg6+ hxg6 27. Be3 Rd1+ 28. Kf2 Ra1 29. Rxc7 Rxa2 30. b4 Bd3+ 31. Kg3 Ra4 32. Bd4 f5 33. Rg7+ Kf8 34. Rxg6 Bxc4 35. Kf4 a5 36. Rc6 Bd3 37. Kxf5 axb4 38. Ke6 Ra6 39. Rxa6 Bxa6 40. Bc5+ Kg7 41. Bxb4 Bf1 42. g4 Kg6 43. h4 e3 44. Ke5 Bb5 45. Kf4 e2 46. h5+ Kh6 47. Bd2 Bd7 48. Kg3+ Kh7 49. Kh4 Be8 50. Kg5 Bd7 51. Bb4 Be6 52. Kf4 Bf7 53. Kf5 Be8 54. Bd2 Bf7 55. Kf4 Be8 56. Kf3 Bb5 57. Kf2 Bd7 58. Kg3 Be8 59. Kf4 Bf7 60. Ke5 Bxh5 61. gxh5 e1=Q+ 62. Bxe1 Kh6 63. Kf5 Kxh5 1/2-1/2